00398nam a2200109 a 450000100100000000500170001000800410002704000250006824501150009326000600020830000200026800003094720200930062615.0110608s1978 dr 000 0 spa d aDO-SdBNPbspacBNPHU00aExposición de santos de palo dominicanos :bcatálogo /cSala de Exposiciones, Museo del Hombre Dominicano. aSanto Dominingo, :bMuseo del Hombre Dominicano,c1978. a17 p. ;c21 cm.